Introduction to continuum mechanics

This is a beautifully written book and the addition of material on anisotropy, finite deformation, and viscous fluids is very desirable.

Saved in:
Bibliographic Details
Main Author: Lai, W. Michael
Format: Book
Language:Undetermined
Published: [ Boston ] Butterworth Heinemann 1996
Subjects:
Tags: Add Tag
No Tags, Be the first to tag this record!
Institutions: Trung tâm Học liệu Trường Đại học Cần Thơ
LEADER 00692nam a2200205Ia 4500
001 CTU_115952
008 210402s9999 xx 000 0 und d
020 |c 88.95 
082 |a 531 
082 |b L185 
100 |a Lai, W. Michael 
245 0 |a Introduction to continuum mechanics 
245 0 |c W. Michael Lai, David Rubin, Erhard Krempl 
260 |a [ Boston ] 
260 |b Butterworth Heinemann 
260 |c 1996 
520 |a This is a beautifully written book and the addition of material on anisotropy, finite deformation, and viscous fluids is very desirable. 
650 |a Continuum mechanics 
904 |i Vương 
980 |a Trung tâm Học liệu Trường Đại học Cần Thơ